Statistics for soccer teams europe

Click here to take the quiz!

General Stats

  • This quiz has been taken 36 times
  • The average score is 10 of 15

Answer Stats

countryTeam% Correct
PortugalBenfica / Sporting / Porto
100%
SpainReal Madrid / FC Barcelona
100%
GermanyFC Bayern München
97%
ItalyJuventus Turin / Inter Mailand
97%
EnglandManUnited / ManCity / Chelsea / Liverpool
97%
FranceParis St. Germain
97%
NetherlandsAjax
86%
CroatiaNK Dynamo Zagreb
63%
SwitzerlandYB Bern / FC Basel
63%
AustriaRB Salzburg
60%
GreeceOlympiakos piräus
46%
Czech republicSlavia Prag
34%
SloveniaNK Maribor
26%
HungaryFerencsvaros Budapest
6%
RussiaLokomotive Moskau
0%

Score Distribution

Percentile by Number Answered

Percent of People with Each Score

Your Score History

You have not taken this quiz